00776nam a2200181 a 450000100100000000500170001000800410002704000250006808200150009310000470010824500610015524600370021626000790025330000270033204900090035995202090036899900170057700003089720240305141307.0110603s1956 dr c 000 p spa d aDO-SdBNPbspacBNPHU axxxbS211d1 aSánchez Lamouth, Juan,d1929-196892054710a200 versos para una sola rosa /cJuan Sánchez Lamouth.3 aVeinte versos para una sola rosa aCiudad Trujillo, República Dominicana :bImprenta D. Hernández,c1956. a12 p. :bil. ;c25 cm. aBNPD 001050718RVaPDbPDcCTd2011-06-03iLF1l0oxxx S211dp30897-10r2020-06-25w2020-06-25y1zPerteneció a la biblioteca personal de Aída Cartagena Portalatín. Dedicado por el autor.ZNo se presta c30389d30389